[Event "CAN-ch U16"]
[Site "Richmond Hill"]
[Date "2011.07.08"]
[Round "7"]
[White "Bouchard, Cole"]
[Black "Grynszpan, Alexander"]
[Result "0-1"]
[WhiteElo "552"]
[BlackElo "1162"]
[PlyCount "23"]
[EventDate "2011.07.06"]
[EventType "swiss"]
[EventRounds "7"]
[EventCountry "CAN"]
[SourceTitle "EXT 2022"]
[Source "ChessBase"]
[SourceDate "2021.10.06"]
[SourceVersion "1"]
[SourceVersionDate "2021.10.06"]
[SourceQuality "1"]

1. e4 e5 2. Qh5 Nf6 3. Qh4 d5 4. Nf3 Be7 5. Nxe5 Nxe4 6. Bb5+ c6 7. Qh5 g6 8. Nxg6 fxg6 9. Bxc6+ Nxc6 10. Qh6 Qb6 11. Ke2 Qxf2+ 12. Kd3 0-1